000 00761nam a2200253Ia 4500
001 dia_1890
003 CHAP
005 20251021150031.0
008 220601s9999 xx 000 0 und d
020 _a84-200-0950-4
040 _cCHAP
082 _a664.07 R6Y
100 _aRosenthal, Andrew J.
_9175763
245 _aTextura de los Alimentos Medido y Percepciones / por Andrew J. Rosenthal
260 _aZaragoza (España) : Acribia
300 _a299 p
500 _aTrad. de food texture measurement and perceptionsinv.212732
650 _a1. Alimentos - análisis
650 _aEvaluación sensorialÌ
901 _a664.07 R6Y
902 _aM
905 _a0000002001 MEXA 0000000000ESP00
942 _cLIBRO
_2ddc
999 _c209292
_d209292